000 00994cab a2200337 4500
001 ABS55150
008 090401t1996 xxu||||| |||| 00| 0 eng d
035 _a(Sirsi) u14533
041 _aeng
245 _aMarket report: Cardiff and Swansea
260 _c1996
350 _a0
490 _aProperty Week
_v55(9) 30 May 1996, 30-47(9)
650 _aCARDIFF
650 _aCRIBBS CAUSEWAY SHOPPING CENTRE
650 _aECONOMIC DEVELOPMENT
650 _aINDUSTRIAL MARKET
650 _aINVESTMENT MARKET
650 _aLABOUR PARTY POLICY
650 _aLEISURE MARKET
650 _aPROPERTY-COMMERCIAL PROPERTY-OFFICE PROPERTY-OFFICE PROPERTY MARKET
650 _aPLANNING ISSUES
650 _aPROPERTY-COMMERCIAL PROPERTY-RETAIL PROPERTY-RETAIL PROPERTY MARKET
650 _aRETAIL RENTS
650 _aSWANSEA
650 _aWALES
650 _aWELSH ASSEMBLY
690 _aPROPERTY-COMMERCIAL PROPERTY-COMMERCIAL PROPERTY MARKET
942 _n0
948 _c04/03/1997
999 _c9480
_d9480